[Event "Gibraltar Masters 13th"]
[Site "Caleta"]
[Date "2015.02.03"]
[Round "8"]
[White "Lenderman, Aleksandr"]
[Black "Wagner, Dennis"]
[Result "0-1"]
[WhiteElo "2614"]
[BlackElo "2501"]
[Annotator "Schulz,Andre"]
[PlyCount "72"]
[EventDate "2015.01.27"]
[EventType "swiss"]
[EventRounds "10"]
[EventCountry "GGB"]
[SourceTitle "CBM 165"]
[Source "ChessBase"]
[SourceDate "2015.03.11"]
[SourceVersion "1"]
[SourceVersionDate "2015.03.11"]
[SourceQuality "1"]

1. d4 Nf6 2. c4 g6 3. Nc3 d5 4. cxd5 Nxd5 5. e4 Nxc3 6. bxc3 Bg7 7. Bb5+ c6 8.
Ba4 O-O 9. Ne2 b5 (9... e5 10. O-O Qe7 11. f3 Nd7 12. Be3 Nb6 13. Bb3 Be6 14.
Qc1 Bc4 15. Re1 Rad8 16. Bg5 Bf6 17. Bxf6 Qxf6 18. f4 exd4 19. Nxd4 Qd6 20. e5
Qc5 21. f5 Bxb3 22. axb3 Nd5 23. f6 Qxc3 24. Qxc3 Nxc3 25. Nf3 a6 26. Rac1 Nd5
27. g4 Nf4 28. Rc4 Ne6 29. Kf2 Rd3 30. Re3 Rfd8 31. h4 h6 32. Rc3 R3d5 33. h5
g5 34. Ng1 Rd4 35. Ne2 Rxg4 36. Rcd3 Rxd3 37. Rxd3 Re4 38. Rd7 Rxe5 39. Ng3 Rb5
40. Ne4 Rf5+ 41. Kg3 Rf4 42. Nf2 Nc5 43. Re7 Rxf6 44. b4 Re6 45. Rc7 Ne4+ {
0-1 (45) Wojtaszek,R (2744)-Aronian,L (2797) Beijing 2014}) (9... c5 10. O-O
Nc6 11. Be3 Na5 12. dxc5 Qc7 13. Bb3 Bg4 14. f3 Bd7 15. Qb1 e6 16. Rd1 Rfd8 17.
Kh1 Be8 18. Qb2 Bf8 19. f4 Bxc5 20. Nd4 Bf8 21. f5 Nxb3 22. axb3 e5 23. Nf3 f6
24. c4 Bc6 25. Qc2 Rxd1+ 26. Rxd1 Rd8 27. Rxd8 Qxd8 28. fxg6 hxg6 29. Bxa7 b6
30. c5 b5 31. b4 Bh6 32. Kg1 Kg7 33. Kf2 Qa8 34. Qa2 Bxe4 35. Qa5 Qb7 36. Bb6
Qd7 37. Qa7 Bb7 38. Bd8 e4 39. Ne1 Qd2+ 40. Kg3 Qf4+ {0-1 (40) Cheparinov,I 
(2664) -Caruana,F (2767) Reykjavik 2012}) 10. Bb3 a5 (10... Bb7 11. O-O e6 12.
Be3 Nd7 13. Qd2 c5 14. f3 cxd4 15. cxd4 a5 16. a3 Qe7 17. Rfc1 Qd6 18. Nc3 Ba6
19. e5 Qb8 20. Bh6 b4 21. Ne4 bxa3 22. Bxg7 Kxg7 23. Rxa3 Qb6 24. Nc5 Bb5 25.
Nxd7 Bxd7 26. Rc5 a4 27. Bc2 Rfc8 28. Qc3 Rxc5 29. dxc5 Qc7 30. Be4 Rc8 31. c6
Bxc6 32. Bxc6 Qb6+ 33. Qe3 Qb1+ 34. Kf2 Rxc6 35. Kg3 Qb4 36. Rd3 h6 37. h4 Rc4
38. Rd6 Rxh4 39. f4 g5 40. Rd4 Qc5 {0-1 (40) Hellsten,J (2470)-Svidler,P (2689)
Brussels 2000}) 11. h4 a4 12. Bc2 c5 {Die Neuerung.} (12... e5 13. h5 exd4 14.
cxd4 c5 15. hxg6 fxg6 16. e5 Qd5 17. Nf4 Qxd4 18. Qxd4 cxd4 19. Be4 Ra6 20.
Bd5+ Kh8 21. e6 Rf6 22. Bd2 Nc6 23. Rc1 g5 24. Nh5 Rxe6+ 25. Bxe6 Bxe6 26. Rc5
Bf8 27. Rxg5 Bxa2 28. Rf5 Ra8 29. Nf6 Bg8 30. Bh6 Bb4+ 31. Bd2 Bf8 32. Bh6 Bb4+
33. Bd2 Bf8 {1/2-1/2 (33) Ivanchuk,V (2775)-Rodshtein,M (2645) Porto Carras
2011}) 13. Rb1 b4 14. d5 bxc3 15. h5 e6 16. Be3 Na6 17. a3 exd5 18. exd5 Qd6
19. hxg6 fxg6 20. Ng3 Nc7 21. Rxh7 {Der weiße Angriff sieht gewaltig aus,
sollte aber bei richtiger Verteidigung nicht funktionieren.} Ba6 (21... Kxh7 $2
22. Qh5+ Kg8 23. Bxg6 Re8 {Einziger Zug.} (23... Rd8 24. Ne4 Qxd5 25. Nf6+ $18)
24. Bxe8 Qxd5) 22. Rh1 Nxd5 23. Bxg6 Qxg6 $2 ({Richtig war} 23... c2 {Am
besten ist nun} 24. Bh7+ (24. Bxc2 Bc3+ 25. Bd2 Rae8+ $19) (24. Qxc2 Nxe3 25.
Bh7+ (25. fxe3 Qxg3+ $19) 25... Kf7 26. fxe3 Qxg3+ 27. Qf2+ Qxf2+ 28. Kxf2 Ke6+
$19) 24... Kf7 25. Bg6+ Kxg6 26. Qxc2+ Kf7 27. Ne4 Qe5 28. Ng5+ Kf6 (28... Ke7
$2 29. Qxc5+ Qd6 30. Rd1 $13) 29. Nh7+ Ke7 30. Nxf8 Kxf8 $19) 24. Qxd5+ Qf7 25.
Qe4 Rfe8 26. Qh7+ Kf8 27. Rh5 Bf6 28. Qh6+ Bg7 29. Qh7 Bf6 30. Rb6 Qxh7 31.
Rxh7 Bd4 $11 {Es droht nun Ld3 und c2} 32. Kd1 $2 ({Der einzige Zug war hier} 
32. Nf5 Bd3 33. Rbb7 Bxf5 34. Rhf7+ Kg8 35. Rxf5 Bxe3 36. fxe3 Rxe3+ 37. Kf2 c2
38. Rg5+ Kh8 (38... Kf8 39. Rf5+ Ke8 $2 (39... Kg8 $11) 40. Rxc5 $14 Rxa3 $2
41. Rh5 $18) 39. Rh5+ Kg8 40. Rg5+ $11 {mit Remis durch Dauerschach.}) 32...
Bd3 $19 33. Bxd4 c2+ 34. Kd2 Bxh7 35. Bxc5+ Kg8 36. Bb4 Rad8+ 0-1

[Event "RUS-chT 21st"]
[Site "Loo"]
[Date "2014.04.13"]
[Round "7.2"]
[White "Shirov, Alexei"]
[Black "Maletin, Pavel"]
[Result "1-0"]
[WhiteElo "2702"]
[BlackElo "2582"]
[Annotator "Schulz,Andre"]
[PlyCount "59"]
[EventDate "2014.04.07"]
[EventType "team-swiss"]
[EventRounds "7"]
[EventCountry "RUS"]
[SourceTitle "CBM 160"]
[Source "ChessBase"]
[SourceDate "2014.05.15"]
[SourceVersion "1"]
[SourceVersionDate "2014.05.15"]
[SourceQuality "1"]
[WhiteTeam "Sverdlovsk Region"]
[BlackTeam "Nizhniy Tagil Polytechnik"]
[WhiteTeamCountry "RUS"]
[BlackTeamCountry "RUS"]

1. d4 Nf6 2. c4 g6 3. Nc3 d5 4. cxd5 Nxd5 5. Bd2 Bg7 6. e4 Nxc3 ({Häufiger
wählt Schwarz den Rückzug} 6... Nb6 {z.B.:} 7. Be3 O-O 8. Bb5 Qd6 9. Nge2 a6
10. e5 Qd8 11. Bd3 c5 12. f4 Nd5 13. Nxd5 Qxd5 14. O-O cxd4 15. Nxd4 Nc6 16.
Nxc6 Qxc6 17. Rc1 Qd5 18. Bc4 Qxd1 19. Rfxd1 Bg4 20. Rd4 b5 21. Bd5 Rac8 22.
Rxc8 Bxc8 23. Rd2 g5 24. g3 gxf4 25. gxf4 Be6 26. Kf2 Bxd5 27. Rxd5 f6 28. e6
f5 29. Rd7 Bf6 30. Bc5 Bxb2 31. Bxe7 Re8 32. Ke3 a5 33. Kd3 a4 34. Rb7 b4 35.
Ra7 b3 36. axb3 axb3 37. Kc4 Bg7 38. Kxb3 Bf8 39. Bxf8 Kxf8 40. Rxh7 Rxe6 41.
Rh5 Kg7 42. Rxf5 {1/2-1/2 (42) Svidler,P (2750)-Belov,V (2619) Dagomys 2010})
7. Bxc3 O-O 8. h4 $5 {Mal was Neues!} (8. Nf3 Bg4 (8... c5)) (8. Qd2 c5 9. d5
Bxc3 10. bxc3 e6 11. d6 e5 12. h4 Be6 13. Nh3 Qxh4 14. O-O-O Qxe4 15. Bd3 Qa4
16. Ng5 Qxa2 17. Qe3 Qa3+ 18. Kd2 Qb2+ 19. Bc2 Bf5 20. Rc1 Rd8 21. Nxf7 Kxf7
22. Qxe5 Rxd6+ 23. Qxd6 Nc6 24. Rxh7+ Kg8 25. Rd7 Re8 26. Qf6 Bxd7 27. Qxg6+
Kf8 28. Qf6+ Kg8 29. Rh1 Re2+ 30. Kxe2 Nd4+ 31. cxd4 Qxc2+ 32. Ke3 Qc3+ 33. Kf4
Qxd4+ 34. Qxd4 cxd4 35. Ke4 a5 36. Kxd4 a4 37. Kc3 b5 38. Kb4 Kf7 39. Rh7+ Ke6
40. g4 Be8 41. f4 Kf6 42. Rh6+ Kg7 43. g5 Bg6 44. Rh3 Bf5 45. Re3 {1-0 (45)
Anand,V (2783)-Hammer,J (2608) Stavanger 2013}) 8... c5 9. d5 Bxc3+ 10. bxc3 e6
11. d6 Qf6 12. Qd2 Nc6 ({Ein Vorgänger aus dem Frauenschach:} 12... Bd7 13. h5
Bc6 14. f3 Rd8 15. hxg6 hxg6 16. Nh3 Qe5 17. O-O-O Rxd6 18. Qxd6 Qxc3+ 19. Kb1
Qb4+ 20. Ka1 Qc3+ 21. Kb1 Qb4+ 22. Ka1 Qc3+ {1/2-1/2 (22) Danielian,E (2480)
-Lahno,K (2537) Jermuk 2012}) 13. h5 {Schwarz steht nun überraschend schnell
schlecht.} Rd8 14. Rd1 e5 15. hxg6 hxg6 (15... Qxg6 16. Rh4) 16. Nf3 {Die
Drohung lautet 17.Lc4, 18.Dh6 Dg7 19.Sg5} Bg4 17. Qh6 Rab8 $2 (17... Na5 18.
Rd5 Bxf3 19. gxf3 $18 {zum Beispiel:} b6 20. d7 a6 21. Bxa6 Rxa6 22. Qh7+ Kf8
23. Qh8+ Qxh8 24. Rxh8+ Ke7 25. Rxe5+ Kd6 26. Rxd8 Kxe5 27. Re8+ Kd6 28. d8=Q+
{(Houdini)}) (17... Qg7 18. Qh4 Bxf3 19. gxf3 $16) 18. Bc4 Rd7 (18... Bxf3 19.
gxf3 Qg7 20. Qg5 Na5 21. Bd5 b6 22. Rh6 $18) 19. Rd3 b5 20. Bd5 Nd8 21. Ng5 b4
22. c4 (22. Qh7+ Kf8 23. Qh4 {war auch sehr stark.}) 22... Rxd6 23. Rg3 (23.
Bxf7+ Nxf7 24. Rxd6 Nxh6 25. Rxf6 Kg7 26. Ra6 $18) 23... b3 24. axb3 Ra6 25.
O-O Be6 26. Rf3 Qg7 27. Qxg7+ Kxg7 28. Bxe6 fxe6 29. Rd1 Kh6 30. Rxd8 1-0

[Event "Olympiad-29"]
[Site "Novi Sad"]
[Date "1990.11.27"]
[Round "10"]
[White "Seirawan, Yasser"]
[Black "Olafsson, Helgi"]
[Result "1/2-1/2"]
[WhiteElo "2635"]
[BlackElo "2595"]
[Annotator "Seirawan,Y"]
[PlyCount "44"]
[EventDate "1990.11.17"]
[EventType "team-swiss"]
[EventRounds "14"]
[EventCountry "YUG"]
[SourceTitle "TD"]
[Source "ChessBase"]
[SourceDate "1994.03.01"]
[SourceVersion "1"]
[SourceVersionDate "1994.03.01"]
[SourceQuality "1"]
[WhiteTeam "US of America"]
[BlackTeam "Iceland"]
[WhiteTeamCountry "USA"]
[BlackTeamCountry "ISL"]

1. d4 Nf6 2. c4 g6 3. Nc3 d5 4. cxd5 Nxd5 5. e4 Nxc3 6. bxc3 Bg7 7. Be3 c5 8.
Qd2 O-O 9. Nf3 Qa5 10. Rc1 e6 11. d5 $1 (11. h4 $5 Nc6 $5 12. Bh6 cxd4 13. Bxg7
Kxg7 14. cxd4 Qxd2+ 15. Kxd2 $14 {Karpov}) 11... exd5 12. exd5 Re8 13. Be2 (13.
Bd3 Bg4 14. c4 Qa3 15. O-O Bxf3 16. gxf3 Nd7) 13... Bf5 14. O-O Nd7 {P 15. b7,
16. b3 P 17.c4} 15. Qb2 $5 (15. c4 $6 Qa3 $1 16. h3 (16. Nh4 $2 Be4 17. f3 $2
Bxd5 $1) 16... Nf6 17. g4 Bd7 {P e4-c3}) 15... Nb6 16. Qb3 {[#]} c4 $1 (16...
Na4 17. Bb5 (17. c4 Nc3 18. Rfe1 $14) 17... Nxc3 18. Bxe8 Rxe8 $1 (18... Ne2+
$2 19. Kh1 Nxc1 20. Bxf7+ $1 $18) 19. Qxb7 Ne2+ 20. Kh1 Nxc1 21. Rxc1 Qb6 22.
Qc6 Rc8 23. Qa4) (16... Bd7 17. c4 $14 Ba4 $142 $2 18. Qa3 $18) 17. Bxc4 Rxe3
$3 (17... Nxc4 18. Qxc4 Rac8 19. Qb3 Bd3 20. Rfd1 Bc4 21. Qxb7) 18. fxe3 Qc5
19. Bb5 (19. Be2 $2 Qxe3+ $19) (19. Nd2 $142 Bh6 $1 20. Rce1 Bxe3+ 21. Rxe3
Qxe3+ 22. Rf2 Rd8) 19... a6 $1 (19... Nxd5 20. Rfe1 Nxe3 21. Qb4 Qb6 $3 22. Ba4
$3 (22. Bf1 Nxf1+ 23. Qxb6 axb6 24. Kxf1 Rxa2 25. Re8+ Bf8) 22... Nd5+ 23. Qxb6
axb6 24. Bb3 Nxc3 25. Re7 $1) 20. Be2 (20. Ba4 Qa5) 20... Nxd5 $1 (20... Qxe3+
$2 21. Kh1 Qxe2 22. Qxb6) 21. Qxb7 $1 (21. Kh1 Nxe3 22. Rfe1 Ng4 23. h3 Nf2+
24. Kh2 Be5+ $5 (24... Nxh3 $5) (24... Qc7+ $5)) (21. Nd4 $2 Nxe3 22. Rfe1 Nc2
$1 23. Rxc2 Bxc2 24. Qxc2 Bxd4+) 21... Re8 22. Bxa6 Bc8 $1 (22... Bc8 $1 23.
Qb5 Qxe3+ 24. Kh1 Nxc3 (24... Nc7 $2 25. Qc6 Bxa6 26. Rfe1 Be2 27. Qxc7 {P g1})
25. Qc6 Qe6 $1 26. Qxe6 Bxe6 {<->a2}) 1/2-1/2

[Event "Moscow Petrosian Memorial"]
[Site "Moscow"]
[Date "1995.??.??"]
[Round "8"]
[White "Shipov, Sergei"]
[Black "Ivanov, Victor L"]
[Result "1-0"]
[WhiteElo "2510"]
[BlackElo "2460"]
[Annotator "Shipov,S"]
[PlyCount "45"]
[EventDate "1995.??.??"]
[EventType "tourn"]
[EventRounds "11"]
[EventCountry "RUS"]
[EventCategory "10"]
[SourceTitle "CBM 046"]
[Source "ChessBase"]
[SourceDate "1995.06.01"]
[SourceVersion "1"]
[SourceVersionDate "1995.06.01"]
[SourceQuality "1"]

1. d4 {Ftacnik} Nf6 2. Nf3 g6 3. c4 Bg7 4. Nc3 d5 5. cxd5 Nxd5 6. e4 Nxc3 7.
bxc3 c5 8. Rb1 O-O 9. Be2 cxd4 10. cxd4 Qa5+ 11. Bd2 Qxa2 12. O-O Bd7 $5 (12...
Bg4) (12... Nc6) (12... b6) 13. Rxb7 Rc8 (13... Bc6 $2 14. Rxe7 (14. Rb4 Bxe4
15. Bc4 Qc2 16. Qxc2 Bxc2 17. Rc1 (17. Bd5 Na6 18. Rb2 Bd3 19. Bxa8 Bxf1 20.
Bb7 $15 {Brodsky,G-Odeev,H/USSR/1991/}) 17... a5 18. Rxb8 Rfxb8 19. Rxc2 Rb1+
20. Bf1 a4 21. Ra2 a3 22. Bc3 Bh6 23. d5 Bc1 24. Nd4 {Solozhenkin,E-Kleinplatz,
S/Hyeres op/1992/0-1 (29)}) (14. Rc7 Bxe4 15. Bc4 Qa3 16. Ng5 Qd6 $1 17. Bxf7+
Rxf7 18. Rc8+ Rf8 19. Nxe4 Qd5 20. Rxf8+ Kxf8 $6 21. Qf3+ Qf5 22. Bf4 Nc6 23.
Nd6 $1 exd6 24. Qxc6 {Kakageldyev,A-Odeev,H/USSR/1991/0.5 (29)}) 14... Bf6 (
14... Qa3 {Ftacnik} 15. Bg5 (15. Re5 Bxe5 16. Nxe5 Bxe4 17. Bc4 Nc6 18. Nd7 Qd6
19. Nxf8 Rxf8 20. d5 Bxd5 21. Bg5 Nb4 22. Qd4 Qb6 23. Qc3 f6 24. Bh6 {Wells,
P-Ruck,R/Balatonbereny op (02)/1992/1-0 (36)}) 15... h6 (15... f6 16. Bc4+ Kh8
17. Rxg7 Kxg7 18. d5 Qc3 19. dxc6 $2 Qxc4 20. Qd6 Nxc6 21. Rc1 Rad8 22. Qc7+
Kg8 {Petkov,V-Lalev,D/BUL-ch/1992/0-1 (23)}) 16. Qc1 Qb4 17. Qd2 Qa3 18. Bh4 (
18. Qc1 {Petkov,V-Genov,Petk/BLG-ch (11)/1992/0.5 (18)}) 18... g5 19. Bxg5 hxg5
20. Qxg5 Nd7 (20... Qd6 21. Nh4 $1 Qf6 22. Qg4 Bd7 23. Rxd7 Nxd7 24. Bb5 $1 $14
{Lavrov,A-Chkurkin/Nagykanisza/1993/}) 21. Nh4 Qd6 22. Nf5 Qf6 23. Qg4 Rae8 24.
e5 $40 {Chernin,A-Fernandez Garcia,JL/Pamplona/1991/1-0 (34)}) 15. Rc7 Bxe4 16.
Bc4 $16) 14. Bg5 {N/} (14. Bf4 e6 $6 15. Ne5 $1 Bxe5 16. Bxe5 Bc6 17. Re7 Bxe4
18. Bb5 $1 $16 {Khalifman,A-Dvoirys,S/Podolsk/1992/}) (14. Qa1 Qc2 15. Rxa7
Rxa7 16. Qxa7 Qxe4 17. Ba6 Re8 18. Bc4 Qf5 19. Qa2 Nc6 20. Be3 e6 $10 {Notkin,
M-Dvoirys,S/Elista RUS-ch/1994/} (20... e6 {Ftacnik} 21. Rb1 Ne7 22. Rc1 Bc6
23. Be2 Ra8 24. Qb2 {Notkin,M-Dvoirys,S/RUS-ch Elista (10)/1994/0.5 (38)})) (
14. Bd3 $5 Bg4 15. Be3 Rc3 $1 $132) 14... h6 15. Bh4 (15. Bxe7 $6 Qe6 $1 16.
Bc5 Qxe4 $15) 15... Bc6 $6 (15... Qc2 16. Qxc2 Rxc2 17. Bd1 $16) (15... a5 $5
$132) 16. Rxe7 Bf8 17. d5 $1 (17. Ne5 Bxe7 18. Bc4 Qxc4 $1 19. Nxc4 Bxh4 20.
Qg4 Bd7 21. Qxh4 Rxc4 22. Qd8+ Kg7 $13) (17. Re5 {Ftacnik} Nd7 18. d5 Ba4)
17... Ba4 18. Qd3 g5 $2 (18... Bxe7 19. Bxe7 $36 (19. Bxe7 {Ftacnik} Nd7 20.
Nd4 $40)) 19. Bxg5 $1 (19. Rxf7 Kxf7 20. Ne5+ Kg7 21. Qf3 Be8 $1 $17) 19...
hxg5 $8 20. Rxf7 Kxf7 (20... Qa3 21. Qxa3 Bxa3 22. Nxg5 $16) (20... Bc2 $5 21.
Qe3 Kxf7 22. Qxg5 $40) (20... Qc2 {Ftacnik} 21. Nxg5 Qxd3 22. Bxd3 Bh6 23. Rf5
$36) 21. Nxg5+ Ke7 (21... Kg8 22. Qh3 $1 Rc7 23. Bg4 $18) (21... Kf6 22. e5+
Kxg5 (22... Kxe5 23. Qe4+ (23. Nf7+ {Ftacnik} Kf6 24. Bh5 Ke7 25. Qf5 $18)
23... Kd6 24. Qe6+ $18) 23. Qe3+ $1 (23. Qg3+ {Ftacnik} Kh6 (23... Kf5 24. Bd3#
) 24. Bd3 $18) 23... Kg6 $8 24. Bd3+ Kf7 25. Qf4+ Ke7 26. Qf6+ Kd7 27. Qf7+ Be7
28. Bf5+ $18) 22. e5 $1 $18 Bc2 (22... Qc2 23. d6+ Kd8 (23... Kd7 24. Qh3+) 24.
Ne6+ Kd7 25. Qh3 $18) (22... Kd8 {Ftacnik} 23. Ne6+ Kd7 24. Bg4 Rc4 25. Nxf8+
$40) 23. Qf3 (23. Qf3 Kd7 24. Qf7+ Be7 25. Bg4+ $18) 1-0

[Event "Belgrade Investbank"]
[Site "Belgrade"]
[Date "1995.??.??"]
[Round "5"]
[White "Lautier, Joel"]
[Black "Shirov, Alexei"]
[Result "1/2-1/2"]
[WhiteElo "2645"]
[BlackElo "2695"]
[Annotator "Shirov,A"]
[PlyCount "61"]
[EventDate "1995.11.??"]
[EventType "tourn"]
[EventRounds "11"]
[EventCountry "YUG"]
[EventCategory "17"]
[SourceTitle "CBM 051"]
[Source "ChessBase"]
[SourceDate "1996.04.01"]
[SourceVersion "1"]
[SourceVersionDate "1996.04.01"]
[SourceQuality "1"]

1. d4 Nf6 2. c4 g6 3. Nc3 d5 4. cxd5 Nxd5 5. e4 Nxc3 6. bxc3 Bg7 7. Nf3 c5 8.
Rb1 O-O 9. Be2 cxd4 10. cxd4 Qa5+ 11. Bd2 Qxa2 12. O-O b6 13. Qc1 Bb7 14. Bc4
Qa4 15. Bb5 Qa2 16. Re1 Rc8 17. Qd1 Qc2 18. Qe2 Nc6 19. Bd3 $146 (19. Rec1)
19... Qa2 20. Bc4 Qa4 21. Bb3 (21. Ra1 Qc2 22. Ra2 Nxd4 23. Rxc2 Nxe2+ 24. Rxe2
Rxc4 25. Rxc4 Ba6 $19) 21... Qa6 22. Qe3 (22. Bc4 {CBM 52}) 22... Na5 $6 (22...
e6 $5 23. d5 exd5 24. exd5 (24. Bxd5 Na5 $15) 24... Na5 $13) 23. Bxf7+ $1 Kxf7
24. Ng5+ Kg8 (24... Ke8 25. Qh3 $1 $40) 25. Qh3 (25. Bxa5 $2 bxa5 $1 26. Qb3+
Rc4 27. Qxb7 Qxb7 28. Rxb7 Bxd4 $19) 25... h6 26. Qe6+ (26. Ne6 $1 h5 (26... g5
27. f4 Nc4 28. Bc3 $40 b5 $140 29. Nxg7 Kxg7 30. fxg5 Rab8 31. d5+ Kg8 32. gxh6
Qb6+ 33. Kh1 Kh7 34. Rxb5 $1 Qxb5 35. Qf5+ Kxh6 36. Qe6+ Kh5 37. g4+ Kh4 38.
Rg1 $18) 27. Qg3 Kh7 $1 (27... Kf7 28. Nf4 $1 (28. Nxg7 Kxg7 29. Qe5+ Kf7 30.
d5 b5 31. Bxa5 Qxa5 32. Qe6+ Kf8 33. Qxg6 (33. d6 Qd8) (33. Re3) 33... Qc3 34.
d6 (34. h4) 34... exd6 (34... Qf6 35. dxe7+ Kxe7 36. Qh7+ Qf7 37. Rxb5 Rc7 38.
Qh6 $16) 35. Qxd6+ Kg8 $13) 28... Rc6 (28... b5 29. Bxa5 Bxd4 30. Rxb5 $16) 29.
d5 Rf6 30. Bc3 (30. e5 $2 Rxf4 31. e6+ Kg8 32. Bxf4 Qc4 $1) 30... Rxf4 (30...
Bh6 31. Bxf6 Bxf4 32. Qxf4 exf6 33. e5 Qd3 $8 34. e6+ Kg8 35. d6 $18) 31. Qxf4+
Kg8 32. Bxg7 Kxg7 33. Qe5+ Kh6 34. Qxe7 $16) 28. Qg5 Rg8 29. d5 (29. Nxg7 $2
Rxg7 30. Qh6+ Kg8 31. d5 Rc8 $17) (29. Qxe7 Rae8 30. Qf7 Rxe6 31. Qxe6 Bc8 $13)
29... Nc4 30. Ra1 Qb5 (30... Qxa1 31. Rxa1 Nxd2 32. Qxe7 Bc8 33. Nc7 $18) 31.
Nxg7 Nxd2 32. Ne6 Qb4 $13) 26... Kh8 27. Re3 b5 28. Nf7+ (28. Bxa5 Rc6 29. Nf7+
Kh7 30. Ng5+ (30. Qxe7 $2 Qxa5 31. Qxb7 Rac8 32. Ree1 R8c7 33. Qa8 Qa2 $19)
30... Kh8 $10) 28... Kh7 29. Ng5+ Kh8 30. Nf7+ Kh7 31. Ng5+ 1/2-1/2

[Event "Minsk Boleslavsky Memorial"]
[Site "Minsk"]
[Date "1994.??.??"]
[Round "4"]
[White "Shulman, Yuri"]
[Black "Yandemirov, Valeri"]
[Result "1-0"]
[WhiteElo "2425"]
[BlackElo "2510"]
[Annotator "Shulman,Y"]
[PlyCount "65"]
[EventDate "1994.02.??"]
[EventType "tourn"]
[EventRounds "11"]
[EventCountry "BLR"]
[EventCategory "10"]
[SourceTitle "CBM 042"]
[Source "ChessBase"]
[SourceDate "1994.10.01"]
[SourceVersion "1"]
[SourceVersionDate "1994.10.01"]
[SourceQuality "1"]

{CBM 43} 1. d4 Nf6 2. c4 g6 3. Nc3 d5 4. cxd5 Nxd5 5. e4 Nxc3 6. bxc3 Bg7 7.
Nf3 c5 8. Rb1 O-O 9. Be2 b6 10. O-O Bb7 11. Qd3 Ba6 12. Qe3 Qc8 13. d5 (13. Rb3
Bxe2 14. Qxe2 Qa6 15. Qxa6 Nxa6 16. Bf4 cxd4 17. cxd4 Rfc8 18. Rfb1 Nc7 19. d5
Na6 $10 {Wieczorek,Z-Malisauskas,V/Warsaw/1993/}) (13. a4 Nc6 14. dxc5 Bxe2 15.
Qxe2 bxc5 16. Ba3 Bxc3 17. Bxc5 Qe6 18. Rfc1 Bf6 $10 {Polovodin,I-Kudrin,S/Los
Angeles/1991/}) (13. Rd1 Bxe2 14. Qxe2 Qa6 15. Kf1 Rc8 16. dxc5 Bxc3 17. Be3
Qxe2+ 18. Kxe2 Nc6 19. Rdc1 Ba5 20. Nd2 Rab8 21. a4 bxc5 22. Rxb8 Nxb8 23. Rxc5
$14 {Stangl,M-Brunner,L/Altensteig/1992/}) 13... e6 (13... Bxe2 14. Qxe2 Bxc3 (
14... c4 $2 15. Rb4 Nd7 16. Rxc4 Qa6 17. Re1 Nc5 18. Bg5 Rfe8 19. e5 Rad8 20.
Rd4 $18 {Whitehead,J-Fernandez,B/New York(op)/1987/}) 15. e5 Rd8 (15... Qf5 16.
Rb3 Bd4 (16... Ba5 17. Nh4 Qd7 18. Bh6 Qxd5 19. Bxf8 Kxf8 20. Rd3 $18 {
Khalifman,A-Lau,R/Rotterdam/1988/}) 17. Nxd4 cxd4 18. Rf3 Qd7 19. Qe4 f5 20.
exf6 exf6 21. Ba3 Rf7 22. Rd1 $16 {Sakaev,K-Maslov,E/Leningrad/1989/}) (15...
Na6 16. Bh6 Rd8 17. Rbc1 Ba5 18. Rfd1 Nc7 19. d6 Ne6 20. Ng5 exd6 {Belotti,
B-Honfi,K/Budapest/1987/} 21. Ne4 dxe5 $140 $6 22. Nf6+ Kh8 23. Qxe5 Qc7 24.
Bg7+ $1) 16. Qc4 (16. Rd1 $5) 16... Qf5 17. Bb2 Bxb2 18. Rxb2 Nd7 19. Re2 (19.
Re1) 19... Nf8 20. Rd1 Rac8 21. a4 Ne6 $1 $17 {Muc,M-Malisauskas,V/WarsawT1993/
}) 14. Bxa6 $6 $146 (14. c4 exd5 15. cxd5 Bxe2 16. Qxe2 Qa6 17. Qc2 Nd7 18. Re1
Rfe8 19. Bf4 b5 {Shneider,A-Cseshkovsky,V/St-Peterburg/1993/} 20. e5 $5 $16)
14... Qxa6 (14... Nxa6 15. c4 $16) 15. dxe6 Qxa2 $8 (15... f6 $2 16. e5 f5 17.
Qd2 (17. Ng5 Nc6 18. Qh3 h5 19. f4 Qxa2 20. Rb2 Qc4 $14) 17... Nc6 18. Qd6 Rac8
19. Bg5 Rfe8 $2 20. Bf6 Qb7 21. Qd7 $18) (15... fxe6 16. Ng5 Qxa2 (16... Re8
17. Qh3 h6 18. Nxe6 Qxa2 19. Nxg7 $18) 17. Qh3 h6 18. Rb2 Qc4 19. Nxe6 Qxc3 20.
Qxc3 Bxc3 21. Rc2 $16) 16. exf7+ Rxf7 17. Rb2 (17. Ng5 Bh6 (17... Qxb1 18. Nxf7
Nc6 $13) 18. Rb2 {see 17.Rb2}) 17... Qc4 18. Ng5 (18. e5 Nc6 19. Ng5 (19. e6 $2
Re7 20. Ng5 Qxc3 $17) 19... Bh6 (19... Re7 20. f4 $16) 20. Qe2 Qxe2 21. Rxe2
Re7 22. Nf3 $10) 18... Re7 $5 (18... Bh6 19. Qe2 (19. h4 Nc6 20. f4 Re7 21. e5
Bxg5 $15) (19. Qd2 Bxg5 (19... Nc6 $2 20. Qd5 Qxd5 21. exd5 Bxg5 22. Bxg5 Rf5 (
22... Ne5 23. Re2 $16) 23. dxc6 Rxg5 24. Ra1 $1 Rc8 (24... Rd8 25. Rd2 $1) 25.
Rxa7 Rxc6 26. Rd2 Rf5 27. Rd8+ $18) 20. Qxg5 Qxe4 $15) (19. Qh3 Bxg5 20. Bxg5
Qxe4 $15) 19... Qxe2 20. Rxe2 Re7 21. h4 Nc6 22. f4 Rae8 23. e5 $13) 19. Qh3 h6
(19... Bf6 $2 20. Nxh7 $18) (19... Bf8 $2 20. f4 h6 21. f5 hxg5 22. Bxg5 $40)
20. Qc8+ Bf8 21. f4 $5 (21. Rd2 hxg5 22. Rd8 Qf7 23. Bxg5 Nc6 (23... Rd7 $2 24.
Bh6 Nc6 (24... Rxd8 25. Qxd8 Qe7 26. Qc8 $40) 25. Rxf8+ Qxf8 26. Qxd7 Qxh6 27.
Qxc6 $16) 24. Qxa8 Nxd8 25. Qxd8 Rxe4 $10) 21... Qa6 22. Qg4 (22. Qd8 $2 Qb7
23. f5 Nd7 $19) 22... hxg5 23. Qxg5 (23. f5 $5 Qc4 24. f6 Re5 25. Bxg5 Qf7 $15)
23... Qc4 24. f5 (24. Qxg6+ Rg7 25. Qf5 (25. Qe8 Re7 26. Qg6+ Rg7 27. Qe8 Qf7
28. Qd8 $44) 25... Nc6 26. e5 $44) 24... Qxe4 25. Rbf2 (25. f6 $2 Re5 26. f7+
Kh7 27. Qd8 Na6 $19) 25... Nd7 26. Rf4 (26. fxg6 $6 Rg7 27. Rf4 Qd3 28. Rh4
Rxg6 29. Qh5 Nf6 30. Qh8+ Kf7 31. Rh7+ Ke6 32. Rh3 Qd5 (32... c4 $6 33. Re3+ $1
Kf7 34. Qh7+ Rg7 35. Rxf6+ $1 $16) 33. Rhf3 Bg7 34. Qh3+ Kf7 $17) (26. Qxg6+ $6
Rg7 27. Qe6+ Qxe6 28. fxe6 Ne5 29. Bh6 Re8 $17) 26... Qe5 (26... Qd3 27. f6 Re5
28. Rf5 $1) 27. Qxg6+ Rg7 28. Qc6 Rd8 29. f6 Nxf6 $4 (29... Rh7 30. Rg4+ Kh8
31. Bf4 Qxf6 32. Qxf6+ Nxf6 33. Be5 Bg7 34. Rxf6 Rh5 35. Rf8+ $10) (29... Rf7
30. Qf3 c4 $5 (30... Re8 $2 31. Qg3+ Kh8 32. Rh4+ Rh7 33. Rxh7+ Kxh7 34. Qh3+
$18) 31. Qg3+ Kh8 32. Rh4+ Rh7 33. Rxh7+ Kxh7 34. Qh4+ Kg6 35. Qg4+ $44) (29...
Rg6 30. f7+ (30. Re4 $2 Rxf6) 30... Kg7 31. Qf3 Bd6 $15) 30. Rxf6 Bd6 31. g3
$18 Rg4 32. Qf3 Qe4 $2 33. Rxd6 1-0